[Event "Challenge"]
[Site "http://www.queenalice.com/game.php?id=827006"]
[Date "2010.9.2"]
[Round "-"]
[White "ORNELAS"]
[Black "Pegasus"]
[Result "1-0"]
[WhiteElo "1673"]
[BlackElo "1733"]

1. b3 e5 2. d4 exd4 3. Qxd4 Nc6 4. Qe4+ Nge7 5. Bb2 d5 6. Qh4 Qd6 7. Nf3 Nf5 8.
Qg5 f6 9. Qd2 d4 10. g3 Be7 11. Bg2 O-O 12. O-O Bd7 13. c3 Rad8 14. cxd4 Be8 15.
Ba3 Qd7 16. Bb2 Nfxd4 17. Bxd4 Nxd4 18. Nxd4 Qxd4 19. Qxd4 Rxd4 20. Bxb7 c6 21.
Nc3 f5 22. e3 Rb4 23. Rac1 Rxb7 24. Rfd1 Rd7 25. Ne2 Rxd1+ 26. Rxd1 Bf7 27. Rd7
Bc5 28. Rc7 Be8 29. Nc3 Rf7 30. Rc8 Kf8 31. Na4 Bd6 32. Rd8 Bc7 33. Ra8 a5 34.
Nc5 Bb6 35. Ne6+ Ke7 36. Ng5 Rf8 37. Nxh7 Rh8 38. Ng5 Rh5 39. Nf3 g5 40. Rb8 Bc7
41. Rb7 Kd7 42. Nd4 g4 43. b4 axb4 44. Rxb4 Bg6 45. a4 Rh8 46. Rc4 Kc8 47. Rxc6
Be8 48. Rf6 Bxa4 49. Rxf5 Bd7 50. Rc5 Rh6 51. Rg5 1-0

[Event "AUTO-OPEN-1959"]
[Site "http://www.queenalice.com/game.php?id=829833"]
[Date "2010.9.8"]
[Round "2"]
[White "justeldiablo"]
[Black "Pegasus"]
[Result "1-0"]
[WhiteElo "1936"]
[BlackElo "1755"]

1. d4 d5 2. c4 dxc4 3. Qa4+ Qd7 4. Qxc4 Nf6 5. Nc3 e6 6. e4 Be7 7. Nf3 Nc6 8. a3
O-O 9. Bf4 a6 10. d5 exd5 11. exd5 Na5 12. Qd3 Re8 13. Be2 c6 14. d6 Bd8 15. O-O
b5 16. Ne5 Qb7 17. b4 Nc4 18. Nxc4 bxc4 19. Qxc4 Qd7 20. Bf3 Bb7 21. Ne4 Nxe4
22. Bxe4 Bf6 23. Rae1 Re6 24. Bf5 Rae8 25. Rxe6 fxe6 26. Re1 Bc8 27. g4 Kh8 28.
Be4 e5 29. Bf5 Qd8 30. d7 Bxd7 31. Bxd7 Qxd7 32. Bg3 Qd5 33. Qxa6 e4 34. Qa4 Bd4
35. Rc1 Rc8 36. Qa6 e3 37. Qxc8+ Qg8 38. Rxc6 e2 39. Qxg8+ Kxg8 40. Re6 1-0

[Event "AUTO-OPEN-1959"]
[Site "http://www.queenalice.com/game.php?id=829834"]
[Date "2010.9.8"]
[Round "2"]
[White "Pegasus"]
[Black "justeldiablo"]
[Result "0-1"]
[WhiteElo "1767"]
[BlackElo "1926"]

1. d4 c5 2. dxc5 Qa5+ 3. Nc3 Qxc5 4. Be3 Qa5 5. Nf3 Nf6 6. Qd3 Nc6 7. Bd2 e6 8.
Ne4 Bb4 9. c3 Be7 10. c4 Qb6 11. Bc3 Nxe4 12. Qxe4 Bf6 13. Bxf6 gxf6 14. b3 Qb4+
15. Nd2 Qc3 16. Rd1 Nd4 17. e3 Nc2+ 18. Ke2 Nb4 19. Qd4 Qc2 20. Kf3 Qxd1+ 21.
Kg3 e5 22. Qc3 Nc6 23. h3 d6 24. Kh2 Qh5 25. Kg1 Ne7 26. b4 Nf5 27. e4 Nd4 28.
a4 f5 29. f4 Be6 30. fxe5 dxe5 31. c5 O-O-O 32. Qc1 Ne2+ 33. Bxe2 Qxe2 34. c6
Rxd2 35. cxb7+ Kxb7 0-1

[Event "AUTO-ADV-1920"]
[Site "http://www.queenalice.com/game.php?id=839818"]
[Date "2010.9.30"]
[Round "1"]
[White "zemorais"]
[Black "Pegasus"]
[Result "1-0"]
[WhiteElo "1673"]
[BlackElo "1715"]

1. e4 e5 2. Nf3 d6 3. Bc4 h6 4. h3 Nf6 5. d3 Nc6 6. O-O Be6 7. Bxe6 fxe6 8. c3
Be7 9. b4 Nd7 10. a3 Bf6 11. Bb2 g5 12. Nbd2 h5 13. Nh2 Qe7 14. Ndf3 O-O-O 15.
b5 Ncb8 16. a4 g4 17. hxg4 hxg4 18. Nxg4 Bg7 19. Bc1 Rh7 20. Bg5 Rdh8 21. g3 Qf7
22. Nh4 Nf8 23. d4 Ng6 24. Nf6 Bxf6 25. Bxf6 Qxf6 26. Qg4 Nxh4 27. dxe5 Qxe5 28.
f4 Qf6 29. e5 dxe5 30. fxe5 Qxe5 31. Rae1 Qxc3 32. Qxe6+ 1-0

[Event "AUTO-ADV-1920"]
[Site "http://www.queenalice.com/game.php?id=839819"]
[Date "2010.9.30"]
[Round "1"]
[White "Pegasus"]
[Black "zemorais"]
[Result "0-1"]
[WhiteElo "1697"]
[BlackElo "1691"]

1. d4 Nf6 2. c4 g6 3. Nc3 Bg7 4. Nf3 O-O 5. e4 d6 6. Be2 c5 7. d5 Nbd7 8. O-O a6
9. a3 Nh5 10. Ne1 Ne5 11. f4 Nd7 12. f5 Nhf6 13. fxg6 fxg6 14. b4 cxb4 15. axb4
Ne5 16. Bf4 Nfg4 17. Qd2 Qb6+ 18. Kh1 Nf7 19. Bxg4 Bxg4 20. Rb1 Ne5 21. c5 dxc5
22. bxc5 Qa5 23. c6 Nc4 24. Qc1 Bxc3 25. Rxb7 Rf7 26. c7 Nd2 27. Rf2 Nxe4 28.
Rb8+ Rf8 29. Be5 Nxf2+ 30. Kg1 Bxe1 31. Rxf8+ Rxf8 32. Qg5 Qc5 0-1

[Event "AUTO-ADV-1920"]
[Site "http://www.queenalice.com/game.php?id=839834"]
[Date "2010.9.30"]
[Round "1"]
[White "Setsuna_Kyelf"]
[Black "Pegasus"]
[Result "1-0"]
[WhiteElo "1623"]
[BlackElo "1742"]

1. c4 e6 2. Nc3 Nf6 3. e4 d6 4. d4 Be7 5. Nf3 O-O 6. Bd3 d5 7. e5 Ne8 8. Bc2 Bb4
9. Bxh7+ Kxh7 10. Ng5+ Kg8 11. Qh5 1-0

[Event "AUTO-ADV-1920"]
[Site "http://www.queenalice.com/game.php?id=839846"]
[Date "2010.9.30"]
[Round "1"]
[White "Pegasus"]
[Black "ErasmudoPorto"]
[Result "0-1"]
[WhiteElo "1677"]
[BlackElo "1893"]

1. d4 d6 2. c4 Nd7 3. Nc3 Ngf6 4. Nf3 e5 5. dxe5 dxe5 6. e4 Be7 7. Be2 O-O 8.
Be3 c6 9. Qc2 h6 10. Rd1 Qc7 11. b3 Bb4 12. O-O Ng4 0-1

[Event "AUTO-ADV-1920"]
[Site "http://www.queenalice.com/game.php?id=839847"]
[Date "2010.9.30"]
[Round "1"]
[White "ErasmudoPorto"]
[Black "Pegasus"]
[Result "1-0"]
[WhiteElo "1919"]
[BlackElo "1670"]

1. Nf3 d5 2. c4 Nf6 3. e3 Nc6 4. d4 dxc4 5. Bxc4 e6 6. a3 Bd6 7. O-O O-O 8. Nc3
Bd7 9. Re1 h6 10. Bd2 a6 11. e4 e5 12. d5 1-0

[Event "AUTO-OPEN-2120"]
[Site "http://www.queenalice.com/game.php?id=840018"]
[Date "2010.9.30"]
[Round "1"]
[White "zemorais"]
[Black "Pegasus"]
[Result "1-0"]
[WhiteElo "1657"]
[BlackElo "1664"]

1. e4 c5 2. Nf3 Nc6 3. d4 cxd4 4. Nxd4 e5 5. Nf5 Nf6 6. Nd6+ Bxd6 7. Bb5 Nd4 8.
Bd3 O-O 9. c3 Nc6 10. Bg5 Be7 11. Nd2 h6 12. Bh4 Nh7 13. Bxe7 Qxe7 14. O-O d6
15. Nf3 Bg4 16. h3 Bh5 17. Be2 Rad8 18. Nh2 Bg6 19. f3 f5 20. exf5 Bxf5 21. g4
Be6 22. Qe1 a6 23. b3 b5 24. Rf2 Rf7 25. Bd3 d5 26. Nf1 Bd7 27. Nd2 Rdf8 28. Qf1
e4 29. Be2 e3 30. Rg2 exd2 31. Rd1 Qe3+ 32. Kh2 1-0

[Event "AUTO-OPEN-2120"]
[Site "http://www.queenalice.com/game.php?id=840019"]
[Date "2010.9.30"]
[Round "1"]
[White "Pegasus"]
[Black "zemorais"]
[Result "0-1"]
[WhiteElo "1648"]
[BlackElo "1673"]

1. d4 d5 2. c4 dxc4 3. e4 Nf6 4. Nc3 a6 5. Bxc4 b5 6. Bb3 e6 7. a3 Be7 8. Nf3
O-O 9. O-O Bb7 10. Bc2 Nxe4 11. Nxe4 Nd7 12. Neg5 h6 13. Nh3 Nf6 14. b4 Bxf3 15.
gxf3 Bd6 16. Kh1 Nd5 17. Qd3 g6 18. Bxh6 Qh4 19. Bxf8 Qxh3 20. Bxd6 cxd6 21. Rg1
Nf4 22. Qe4 Nd5 23. Rg3 Qh5 24. Rag1 Ra7 25. Qg4 Qh7 26. Rh3 Qg7 27. Qe4 Nc3 28.
Qd3 Rc7 29. Rgg3 Nd5 30. Qd2 f5 31. Rg1 Nf6 0-1

[Event "AUTO-OPEN-2120"]
[Site "http://www.queenalice.com/game.php?id=840054"]
[Date "2010.9.30"]
[Round "1"]
[White "Pegasus"]
[Black "Cerberus"]
[Result "0-1"]
[WhiteElo "1757"]
[BlackElo "2590"]

1. d4 d5 2. c4 dxc4 3. e4 e5 4. d5 Nf6 5. Nc3 Bc5 6. h3 b5 7. Nxb5 Nxe4 8. Be3
Bxe3 9. Nxc7+ Qxc7 10. fxe3 Qb6 11. Qe2 Qa5+ 12. Kd1 Qxd5+ 13. Kc1 Nd7 14. Qc2
Ba6 15. Nf3 Rb8 16. Qa4 Rb6 17. Be2 c3 18. Bxa6 cxb2+ 19. Kb1 Nc3+ 0-1

[Event "AUTO-OPEN-2120"]
[Site "http://www.queenalice.com/game.php?id=840055"]
[Date "2010.9.30"]
[Round "1"]
[White "Cerberus"]
[Black "Pegasus"]
[Result "1-0"]
[WhiteElo "2591"]
[BlackElo "1746"]

1. e4 e5 2. Nf3 Nc6 3. Bc4 h6 4. O-O Nf6 5. Nc3 Be7 6. d4 exd4 7. Nxd4 Ne5 8.
Bb3 O-O 9. f4 Nc6 10. Be3 Bb4 11. e5 Bxc3 12. bxc3 Ne4 13. Qf3 Nxc3 14. Nxc6
bxc6 15. f5 d5 16. f6 Ne4 17. fxg7 Kxg7 18. Qh5 Ng5 19. Rf6 Rh8 20. Bxg5 Qe8 21.
Raf1 Be6 22. Rxh6 Rxh6 23. Qxh6+ Kg8 24. Bf6 1-0

[Event "Challenge"]
[Site "http://www.queenalice.com/game.php?id=846804"]
[Date "2010.10.16"]
[Round "-"]
[White "Pegasus"]
[Black "LAIRE"]
[Result "0-1"]
[WhiteElo "1733"]
[BlackElo "1953"]

1. d4 e6 2. c4 f5 3. Nf3 Nf6 4. Bg5 Bb4+ 5. Nbd2 O-O 6. a3 Bxd2+ 7. Nxd2 h6 8.
Bh4 g5 9. Bg3 f4 10. Bxf4 gxf4 11. Nf3 d6 12. Qd2 Ne4 0-1

[Event "Challenge"]
[Site "http://www.queenalice.com/game.php?id=848986"]
[Date "2010.10.21"]
[Round "-"]
[White "GarethBale"]
[Black "Pegasus"]
[Result "1-0"]
[WhiteElo "2024"]
[BlackElo "1633"]

1. e4 e5 2. Nf3 Nc6 3. Bb5 d6 4. d4 exd4 5. Qxd4 Bd7 6. Bxc6 Bxc6 7. Nc3 Nf6 8.
h3 Be7 9. Be3 O-O 10. O-O-O b6 11. Qc4 Qd7 12. Ne5 Qe6 13. Qxe6 fxe6 14. Nxc6
Rfe8 15. Rhe1 Bf8 16. Bg5 e5 17. Bxf6 gxf6 18. Nd5 1-0

[Event "AUTO-OPEN-1999"]
[Site "http://www.queenalice.com/game.php?id=914716"]
[Date "2011.3.19"]
[Round "2"]
[White "Pegasus"]
[Black "alederp"]
[Result "0-1"]
[WhiteElo "1621"]
[BlackElo "2341"]

1. d4 d5 2. c4 dxc4 3. e4 Nf6 4. Nc3 e5 5. d5 b5 6. Bg5 Bd7 7. a3 h6 8. Bh4 Bd6
9. Be2 O-O 10. Nf3 Na6 11. O-O Nc5 12. Qc2 a5 13. b4 cxb3 14. Qb2 a4 15. Bxb5
Bxb5 16. Rfe1 Nd3 17. Qd2 Nxe1 18. Rxe1 Bd7 19. h3 Qe7 20. Nb5 Bxb5 21. Nh2 Bxa3
22. Ng4 Bb4 23. Nxh6+ Kh7 24. Qe3 Bxe1 25. Nf5 Qd8 26. Qxe1 b2 0-1

[Event "AUTO-OPEN-1999"]
[Site "http://www.queenalice.com/game.php?id=914717"]
[Date "2011.3.19"]
[Round "2"]
[White "alederp"]
[Black "Pegasus"]
[Result "1-0"]
[WhiteElo "2351"]
[BlackElo "1633"]

1. e4 c5 2. Nf3 Nc6 3. d4 e6 4. d5 exd5 5. exd5 Nb8 6. Bd3 d6 7. O-O Bg4 8. Re1+
Be7 9. h3 Bh5 10. Bf4 Nf6 11. Bb5+ Nbd7 12. Bxd6 a6 13. Bxe7 Qc8 14. Ng5 Bxd1
15. Bd6+ Kd8 16. Nxf7# 1-0

[Event "AUTO-OPEN-1999"]
[Site "http://www.queenalice.com/game.php?id=914718"]
[Date "2011.3.19"]
[Round "2"]
[White "Pegasus"]
[Black "SAMOEL"]
[Result "0-1"]
[WhiteElo "1631"]
[BlackElo "1897"]

1. d4 d5 2. c4 dxc4 3. e4 b5 4. Nc3 c6 5. d5 e6 6. Be3 Bb4 7. a3 Bxc3+ 8. bxc3
cxd5 9. Nf3 Nf6 10. exd5 Nxd5 11. Qc1 O-O 12. Bd4 Nc6 13. Be2 f6 14. Bc5 Re8 15.
O-O f5 16. Rd1 Qf6 17. Nd4 Nxd4 18. Bxd4 Qg6 19. Bf3 Bb7 20. Kh1 e5 21. Bc5 e4
22. Be2 f4 23. f3 Ne3 24. Bxe3 fxe3 25. fxe4 Bxe4 26. Bf3 Bxf3 27. gxf3 e2 28.
Re1 Qh5 29. Qf4 Rf8 30. Qg4 Qxg4 31. fxg4 Rae8 32. Ra2 Rf1+ 0-1

[Event "AUTO-OPEN-1999"]
[Site "http://www.queenalice.com/game.php?id=914719"]
[Date "2011.3.19"]
[Round "2"]
[White "SAMOEL"]
[Black "Pegasus"]
[Result "1-0"]
[WhiteElo "1900"]
[BlackElo "1626"]

1. e4 c5 2. Nf3 Nc6 3. c3 e5 4. d4 cxd4 5. cxd4 Nf6 6. d5 Nb8 7. Nxe5 d6 8. Bb5+
Bd7 9. Nxd7 Nbxd7 10. Qf3 Qc7 11. O-O Be7 12. Qg3 g6 13. Nc3 a6 14. Bxd7+ Nxd7
15. Bf4 O-O 16. Rac1 Qb8 17. Na4 b5 18. Nc3 a5 19. Ne2 Nf6 20. e5 Ne4 21. Qe3
Nc5 22. exd6 Bxd6 23. Bh6 Re8 24. Qc3 Bf8 25. Bxf8 Rxf8 26. Qxc5 Qe5 27. Nd4
Rac8 28. Nc6 Kg7 29. Nxe5 Rxc5 30. Rxc5 Rb8 31. Rc7 Rf8 32. d6 Rd8 33. Rxf7+ Kh6
34. d7 b4 35. Nc6 1-0

[Event "Challenge"]
[Site "http://www.queenalice.com/game.php?id=960275"]
[Date "2011.7.14"]
[Round "-"]
[White "zmanomega"]
[Black "Pegasus"]
[Result "1-0"]
[WhiteElo "1646"]
[BlackElo "1619"]

1. d4 Nf6 2. Nd2 e6 3. f3 d5 4. b3 Nc6 5. e3 Bb4 6. a3 Ba5 7. b4 Bb6 8. c3 a5 9.
b5 Ne7 10. c4 a4 11. c5 Ba5 12. Bd3 O-O 13. Nh3 c6 14. O-O 1-0